| 000 | 00400nam a2200157Ia 4500 | ||
|---|---|---|---|
| 008 | 240729s9999 xx 000 0 und d | ||
| 022 | _a2214-3300 | ||
| 245 | 0 | _aHuman Pathology: Case Reports | |
| 260 | _aUnited States | ||
| 260 | _bElsevier | ||
| 650 | _a Pathology | ||
| 650 | _aMedicine | ||
| 856 | _uhttps://doaj.org/toc/4c5893f063c3437fb5c31222939431ee | ||
| 942 | _2ddc | ||
| 942 | _cDOAJEJ | ||
| 999 |
_c72072 _d72072 |
||
| 945 |
_a1 _bMadushi Gamage _c1 _dMadushi Gamage |
||